Buddhism / (Record no. 125239)
[ view plain ]
| 000 -LEADER | |
|---|---|
| fixed length control field | 00766nam a22002537a 4500 |
| 003 - CONTROL NUMBER IDENTIFIER | |
| control field | dpl |
| 005 - DATE AND TIME OF LATEST TRANSACTION | |
| control field | 20180810123220.0 |
| 008 - FIXED-LENGTH DATA ELEMENTS--GENERAL INFORMATION | |
| fixed length control field | 180810b xxu||||| |||| 00| 0 eng d |
| 010 ## - LIBRARY OF CONGRESS CONTROL NUMBER | |
| LC control number | A-898001 |
| 020 ## - INTERNATIONAL STANDARD BOOK NUMBER | |
| Terms of availability | 120.00 |
| International Standard Book Number | 8186880259 |
| 035 ## - SYSTEM CONTROL NUMBER | |
| System control number | A-898001, A-898005 |
| 037 ## - SOURCE OF ACQUISITION | |
| Source of stock number/acquisition | Cen Lib/Ret |
| 040 ## - CATALOGING SOURCE | |
| Original cataloging agency | DPL |
| Language of cataloging | EN |
| Transcribing agency | 0 |
| 082 ## - DEWEY DECIMAL CLASSIFICATION NUMBER | |
| Classification number | 250 |
| Item number | SAU |
| 100 ## - MAIN ENTRY--PERSONAL NAME | |
| Personal name | Saunders,Kenneth |
| 9 (RLIN) | 13464 |
| 245 ## - TITLE STATEMENT | |
| Title | Buddhism / |
| Statement of responsibility, etc | by Kenneth Saunders |
| 260 ## - PUBLICATION, DISTRIBUTION, ETC. (IMPRINT) | |
| Place of publication, distribution, etc | New Delhi |
| Name of publisher, distributor, etc | Aravali books international |
| Date of publication, distribution, etc | 1998 |
| 270 ## - ADDRESS | |
| Address | W-30,Okhla industrial area phase -II |
| City | New Delhi |
| Postal code | 110020 |
| 300 ## - PHYSICAL DESCRIPTION | |
| Extent | 67p. |
| Dimensions | 19cm(Hb) |
| 500 ## - GENERAL NOTE | |
| General note | Includes bibliographical reference |
| 650 ## - SUBJECT ADDED ENTRY--TOPICAL TERM | |
| Topical term or geographic name as entry element | Buddhism |
| 9 (RLIN) | 1068 |
| 650 ## - SUBJECT ADDED ENTRY--TOPICAL TERM | |
| Topical term or geographic name as entry element | Buddha (The concept) |
| 9 (RLIN) | 13080 |
| 942 ## - ADDED ENTRY ELEMENTS (KOHA) | |
| Source of classification or shelving scheme | Dewey Decimal Classification |
| Koha item type | English Books |
| Classification part | 250 |
| Call number suffix | SAU |
| Withdrawn status | Lost status | Damaged status | Not for loan | Home library | Current library | Date acquired | Source of acquisition | Cost, normal purchase price | Total Checkouts | Total Renewals | Full call number | Barcode | Date last seen | Date checked out | Copy number | Cost, replacement price | Price effective from | Koha item type | Source of classification or shelving scheme | Collection code |
|---|---|---|---|---|---|---|---|---|---|---|---|---|---|---|---|---|---|---|---|---|
| Central Library | Central Library | 20/06/2015 | Cen Lib/Ret | 120.00 | 1 | 1 | 250 SAU | A-898001 | 04/06/2025 | 07/05/2025 | 1 | 120.00 | 15/09/2016 | English Books | ||||||
| Shahdara Branch | Shahdara Branch | 10/08/2018 | BPPD/PUB | 120.00 | 250 SAU | A-898005 | 10/08/2018 | 120.00 | 10/08/2018 | English Books | Dewey Decimal Classification | Non-fiction |
